Les pays producteurs d'huile de palme - Statistiques

Statistiques générales
  • Ce quiz a été pris 96 fois
  • Le résultat moyen est 9 sur 15
Statistiques - réponses
% de la production mondiale Pays % Correct
0,6 % Brésil
93%
49,5 % Indonésie
91%
0,4 % Chine
90%
35,3 % Malaisie
85%
3,6 % Thaïlande
79%
1,7 % Colombie
74%
0,5 % République démocratique du Congo
74%
1,8 % Nigeria
60%
0,4 % Cameroun
51%
0,6 % Equateur
49%
0,8 % Côte d'Ivoire
46%
0,5 % Costa Rica
41%
0,7 % Guatemala
41%
0,9 % Papouasie Nouvelle-Guinée
36%
0,8 % Honduras
32%
Aucun quiz correspondant
Distribution des résultats
% des personnes avec chaque résultat
Percentile par nombre de réponses
Votre historique - résultats
Vous n’avez pas pris ce quiz